| 000 | 01191nam a2200337 a 4500 | ||
|---|---|---|---|
| 001 | vtls000857683 | ||
| 003 | NLI | ||
| 005 | 20210627070308.0 | ||
| 008 | 110428s2005 ilu 001 0 eng d | ||
| 020 |
_a083893529X(looseleaf with binder) _c£54.95 |
||
| 039 | 9 |
_y201104282116 _zVLOAD |
|
| 040 |
_aNLI _cNLMARC21 |
||
| 041 | 0 | _aeng | |
| 044 | _ailu | ||
| 082 | 0 | 4 |
_a025.32 _222 |
| 245 | 0 | 0 |
_aAnglo-American cataloguing rules _cprepared under the direction of the Joint Steering Committee for revision of AACR, a committee of the American Library Association ... [et al.] |
| 250 | _a2nd ed., 2002 revision, 2005 update | ||
| 260 |
_aChicago, Ill. _bAmerican Library Association _c2005 |
||
| 300 |
_a1v.(various pagings) _c29 cm. |
||
| 500 | _aIncludes index | ||
| 650 | 0 |
_aDescriptive cataloging _xRules _9701643 |
|
| 710 | 2 |
_aJoint Steering Committee for Revision of AACR _9701644 |
|
| 710 | 2 |
_aAmerican Library Association _9701645 |
|
| 887 | _aSantanu Chanda | ||
| 901 |
_a563574 _b31.5.10 |
||
| 902 | _aOriya Div. 025.32 An 46 (2005) | ||
| 904 | _aSantanu Chanda | ||
| 949 |
_AVIRTUAITEM _D10000 _X100 _6PUR000563574ENG |
||
| 942 |
_2ddc _cBKS |
||
| 999 |
_aVIRTUA40 _c702000 _d702000 |
||